| 000 | 00397nam a22001337a 4500 | ||
|---|---|---|---|
| 003 | OSt | ||
| 082 |
_a631.587 _bSAR/ES |
||
| 088 | _aT 454 | ||
| 100 |
_aSarathjith M C _94273 |
||
| 245 | _aEstimation of soil moisture indices using diffuse reflectance spectroscopy | ||
| 260 |
_aTavanur _bDepartment of Irrigation and Drainage Engineering _c2019 |
||
| 700 |
_aAnu Varghese (Guide) _94210 |
||
| 942 | _cTH | ||
| 999 |
_c15725 _d15725 |
||